WWE Signatures - Statistics

General Stats
  • This quiz has been taken 220 times
  • The average score is 11 of 30
Answer Stats
Wrestler Signature % Correct
Roman Reigns Superman Punch
77%
Jimmy Uso Superkick
71%
Jey Uso Superkick
71%
Dolph Ziggler Superkick
71%
Alberto Del Rio Superkick
71%
John Cena Five Knuckle Shuffle
69%
Undertaker Chokeslam
56%
Triple H Spinebuster
53%
The Rock Spinebuster
53%
Batista Spinebuster
53%
Randy Orton Rope Hung DDT
51%
Batista Spear
46%
Jeff Hardy Twist of Fate
44%
Sheamus White Noise
41%
Sheamus Irish Curse
31%
Hulk Hogan Big Boot
30%
The Rock Sharpshooter
30%
Chris Jericho Lionsault
29%
Cody Rhodes Beautiful Disaster
23%
Kofi Kingston Boom Drop
22%
Ryback Meat Hook
19%
Bray Wyatt Uranage
15%
Dolph Ziggler Jumping DDT
11%
Sheamus Beats of the Bodhran
6%
Bret Hart Ringpost Figure Four
6%
Randy Savage Scoop Slam
6%
Luke Harper Sitout Powerbomb
4%
Daniel Bryan Roundhouse Kicks
3%
Ric Flair Shin Breaker
2%
Dean Malenko Tiger Bomb
2%
No matching quizzes found
Score Distribution
Percent of People with Each Score
Percentile by Number Answered
Your Score History
You have not taken this quiz